000 01202nam a22003014a 4500
001 ebr10032490
003 CaPaEBR
006 m u
007 cr cn|||||||||
008 010725s2002 nyuaf sb 001 0 eng
010 _z 2001004429
020 _z0814731244 (alk. paper)
040 _aCaPaEBR
_cCaPaEBR
035 _a(OCoLC)52740075
050 1 4 _aJC481
_b.G567 2002eb
082 0 4 _a320.53/3
_221
100 1 _aGoodrick-Clarke, Nicholas.
245 1 0 _aBlack sun
_h[electronic resource] :
_bAryan cults, Esoteric Nazism, and the politics of identity /
_cNicholas Goodrick-Clarke.
260 _aNew York :
_bNew York University Press,
_cc2002.
300 _av, 371 p., [16] p. of plates :
_bill. .
504 _aIncludes bibliographical references and index.
533 _aElectronic reproduction.
_bPalo Alto, Calif. :
_cebrary,
_d2013.
_nAvailable via World Wide Web.
_nAccess may be limited to ebrary affiliated libraries.
650 0 _aNeo-Nazism.
650 0 _aOccultism.
655 7 _aElectronic books.
_2local
710 2 _aebrary, Inc.
856 4 0 _uhttp://site.ebrary.com/lib/rucke/Doc?id=10032490
_zAn electronic book accessible through the World Wide Web; click to view
999 _c176895
_d176895